| 000 | 01399cab a22002895a 4500 | ||
|---|---|---|---|
| 001 | L140465 | ||
| 008 | 070924e20070922xxk f 000 0 eng d | ||
| 035 | _a(Sirsi) u140465 | ||
| 041 | 0 | _aeng | |
| 100 | 1 | _aCampbell, Mary | |
| 245 | 0 | 0 | _aIn-depth analysis |
| 260 | _c2007 | ||
| 490 |
_aEstates Gazette _v(0738) 22 September 2007, 200-201(2) |
||
| 520 | _aExamines the issue of seabed ownership. This issue is growing in importance due to the increasing number of offshore developments. These include oil and gas rigs, wind farms, wave and tidal power generators and undersea cables. Crown ownership of foreshore, which extends for 12 miles, is presumed but can be rebutted by express grant or 60 years' adverse possession. Ownership of the continental shelf and deep seabed is for at least 200 miles except in the case of agreements with other nations. Leases and licences of the seabed are required for development or mineral extraction. | ||
| 590 | _aKA | ||
| 650 | 2 | 4 | _aLAW OF THE SEA CONVENTION |
| 650 | 2 | 4 | _aMARINE BILL WHITE PAPER |
| 650 | 2 | 4 | _aCONTINENTAL SHELF ACT 1964 |
| 650 | 2 | 4 | _aENERGY ACT 2004 |
| 650 | 2 | 4 | _aELECTRICITY ACT 1989 S36 |
| 650 | 2 | 4 | _aFOOD AND ENVIRONMENT PROTECTION ACT 1985 S5 |
| 650 | 2 | 4 | _aCOAST PROTECTION ACT 1949 S34 |
| 650 | 2 | 4 | _aCOAL INDUSTRY ACT 1994 |
| 651 | 4 |
_aUnited Kingdom _y |
|
| 690 | _aPROPERTY-RURAL AND NATURAL ASSETS | ||
| 942 | _n0 | ||
| 999 |
_c79278 _d79278 |
||